Odolnosť dieťaťa proti chorobám

Bibliographic Details
Main Author: Vacková, Ľudmila (Author)
Format: Article
Language:Slovak
Subjects:

MARC

LEADER 00000nab a2200000ua 4500
001 vtls010743246
003 SK-MaSNL
005 20260304203217.0
008 250718s1976 xo |||||||||||||||||slo|
035 |a (urnnbn)urn:nbn:sk:snk:ar-a0079f 
035 |a (uuid)2ecc8a74-ae17-432f-b725-ac10e66757c4 
035 |a urn:nbn:sk:snk-ab45jc 
040 |a SNKBUCL  |b slo  |c SNKBUCL  |e AACR2 
041 0 |a slo 
044 |a xo  |c SK 
100 1 |a Vacková, Ľudmila  |4 aut  |9 795632 
245 1 0 |a Odolnosť dieťaťa proti chorobám  |c Ľudmila Vacková 
650 0 7 |a imunita  |2 SNKPH  |9 14285 
650 0 7 |a infekcie  |2 SNKPH  |9 685 
650 0 7 |a vírusy  |2 SNKPH  |9 687 
650 0 7 |a deti  |2 SNKPH  |9 773 
650 0 7 |a choroby  |2 SNKPH  |9 837 
773 0 |t Rodina a škola  |g Roč. 23, č. 8 (1976), s. 30-31 
850 |a Slovenská národná knižnica 
852 |a Slovenská národná knižnica 
954 |a odborná, vedecká literatúra pôvodná (slovenská)  |2 lita 
958 |a article3 
958 |a OND 
958 |a EUIPO 
999 |c 3108366  |d 3110296